000 00200 a2200097 4500
020 _a9788466312783
041 _aspa
100 _aSerrano, Marcela
245 _aCuentos de las mujeres solas
942 _cBK
999 _c9933
_d9933